[Event "8. Open Bali sub-2300"]
[Site "Benidorm ESP"]
[Date "2009.12.03"]
[Round "6.3"]
[White "Taras, Dan-Gheorghe"]
[Black "Sabater Sanchez, Asensio"]
[Result "0-1"]
[WhiteElo "2293"]
[BlackElo "2230"]
[PlyCount "54"]
[EventDate "2009.11.28"]
[EventType "swiss"]
[EventRounds "10"]
[EventCountry "ESP"]
[Source "lmi"]
[SourceDate "2009.11.28"]

1. d4 d5 2. Nf3 Nf6 3. c4 c6 4. cxd5 cxd5 5. Nc3 Nc6 6. Bf4 a6 7. e3 Bf5 8. Be2
e6 9. O-O Bd6 10. Bxd6 Qxd6 11. Rc1 O-O 12. Nh4 Be4 13. f3 Bg6 14. Nxg6 hxg6
15. f4 b5 16. Qe1 Rfc8 17. Qh4 Nd7 18. g4 Qe7 19. g5 Qb4 20. Bg4 Ne7 21. Rc2
Qd6 22. Rf3 b4 23. Rh3 f5 24. gxf6 Nxf6 25. Nd1 Rxc2 26. Qh8+ Kf7 27. Qxa8 Rc8
0-1

[Event "8. Open Bali sub-2300"]
[Site "Benidorm ESP"]
[Date "2009.12.03"]
[Round "6.4"]
[White "Del Valle Cirera, Adria"]
[Black "Trepat Herranz, Joan"]
[Result "1/2-1/2"]
[WhiteElo "2236"]
[BlackElo "2284"]
[PlyCount "40"]
[EventDate "2009.11.28"]
[EventType "swiss"]
[EventRounds "10"]
[EventCountry "ESP"]
[Source "lmi"]
[SourceDate "2009.11.28"]

1. e4 e5 2. Nf3 Nc6 3. Bb5 Nf6 4. Qe2 a6 5. Ba4 b5 6. Bb3 Be7 7. c3 O-O 8. O-O
d5 9. exd5 Nxd5 10. Nxe5 Nxe5 11. Qxe5 c6 12. d4 Bd6 13. Qh5 Re8 14. Bg5 Qc7
15. Bxd5 cxd5 16. Nd2 Bf5 17. h3 a5 18. Rfe1 b4 19. Qf3 Be6 20. Rac1 Qb6
1/2-1/2

[Event "8. Open Bali sub-2300"]
[Site "Benidorm ESP"]
[Date "2009.12.03"]
[Round "6.5"]
[White "Aranda Gonzalez, Jose"]
[Black "Goormachtigh, Johan"]
[Result "1-0"]
[WhiteElo "2276"]
[BlackElo "2225"]
[PlyCount "63"]
[EventDate "2009.11.28"]
[EventType "swiss"]
[EventRounds "10"]
[EventCountry "ESP"]
[Source "lmi"]
[SourceDate "2009.11.28"]

1. e4 c5 2. Nc3 Nc6 3. g3 g6 4. Bg2 Bg7 5. d3 d6 6. f4 e6 7. Nf3 Nge7 8. O-O
O-O 9. Be3 Nd4 10. e5 Bd7 11. Ne4 Nef5 12. Bf2 Nxf3+ 13. Bxf3 Bc6 14. c3 Rc8
15. g4 Bxe4 16. dxe4 Nh4 17. Bh1 g5 18. Bxh4 gxh4 19. Qxd6 Qxd6 20. exd6 e5 21.
Rad1 exf4 22. Rd5 f6 23. Rxf4 Rfd8 24. g5 fxg5 25. Rff5 h6 26. e5 Bf8 27. Bf3
b6 28. Bh5 Rd7 29. e6 Rxd6 30. Rxf8+ Kxf8 31. Rxd6 Ke7 32. Rd2 1-0

[Event "8. Open Bali sub-2300"]
[Site "Benidorm ESP"]
[Date "2009.12.03"]
[Round "6.6"]
[White "Lillo Ferrer, Jose Maria M"]
[Black "Garbea, Bogdan"]
[Result "1-0"]
[WhiteElo "2194"]
[BlackElo "2254"]
[PlyCount "58"]
[EventDate "2009.11.28"]
[EventType "swiss"]
[EventRounds "10"]
[EventCountry "ESP"]
[Source "lmi"]
[SourceDate "2009.11.28"]

1. d4 g6 2. Nf3 Bg7 3. Nc3 d6 4. e4 Nd7 5. Be2 e5 6. O-O Ngf6 7. Re1 O-O 8. h3
c6 9. a4 Re8 10. dxe5 dxe5 11. Be3 Bf8 12. Bc4 Bb4 13. Ng5 Rf8 14. Qe2 Qe7 15.
Red1 h6 16. Nxf7 Rxf7 17. Bxh6 Kh7 18. Bxf7 Qxf7 19. Bg5 Nf8 20. Qf3 Be7 21.
Qg3 Ne6 22. Rd3 Nh5 23. Qxe5 Bxg5 24. g3 Bf6 25. Qa5 Ng5 26. h4 Nh3+ 27. Kg2
Bxc3 28. Qxc3 Qxf2+ 29. Kh1 Bg4 1-0

[Event "8. Open Bali sub-2300"]
[Site "Benidorm ESP"]
[Date "2009.12.03"]
[Round "6.7"]
[White "Nikolaidis, Konstantinos"]
[Black "Exposito Amaro, Josue"]
[Result "1-0"]
[WhiteElo "2241"]
[BlackElo "2221"]
[PlyCount "63"]
[EventDate "2009.11.28"]
[EventType "swiss"]
[EventRounds "10"]
[EventCountry "ESP"]
[Source "lmi"]
[SourceDate "2009.11.28"]

1. d4 Nf6 2. Nf3 g6 3. Bg5 Bg7 4. Nbd2 d5 5. e3 c5 6. c3 Nbd7 7. Bd3 O-O 8. O-O
Re8 9. b4 c4 10. Bc2 h6 11. Bh4 a5 12. b5 e5 13. dxe5 Nxe5 14. Nxe5 Rxe5 15.
Bg3 Re8 16. Nf3 Bg4 17. Qd2 Ne4 18. Bxe4 dxe4 19. Nd4 a4 20. Rab1 Qd5 21. b6
Bd7 22. Rfd1 Re7 23. Qe2 Be8 24. Rb4 Ra6 25. Nb5 Qg5 26. Nc7 Ra5 27. Rd8 Bf8
28. h4 Qf5 29. Nxe8 Kh7 30. Nd6 Qc5 31. Rxf8 Rd7 32. Qxc4 1-0

[Event "8. Open Bali sub-2300"]
[Site "Benidorm ESP"]
[Date "2009.12.03"]
[Round "6.8"]
[White "Chueca Forcen, Alberto"]
[Black "Fernandez Manrique, Agustin"]
[Result "1-0"]
[WhiteElo "2280"]
[BlackElo "2135"]
[PlyCount "75"]
[EventDate "2009.11.28"]
[EventType "swiss"]
[EventRounds "10"]
[EventCountry "ESP"]
[Source "lmi"]
[SourceDate "2009.11.28"]

1. d4 Nf6 2. c4 g6 3. Nc3 Bg7 4. e4 d6 5. Nf3 O-O 6. h3 e5 7. d5 a5 8. Be3 Na6
9. g4 Nc5 10. Nd2 c6 11. Qc2 Bd7 12. Be2 a4 13. Bxc5 dxc5 14. Nxa4 Rxa4 15.
Qxa4 cxd5 16. Qc2 dxe4 17. O-O-O Qa5 18. g5 Ne8 19. Nb3 Qc7 20. Nxc5 Bf5 21.
Nxe4 Qe7 22. h4 Nc7 23. Bd3 Bxe4 24. Bxe4 Ne6 25. Kb1 Rc8 26. Qa4 Nd4 27. Bd5
h6 28. Rhg1 hxg5 29. hxg5 Rb8 30. Qa7 Qc7 31. c5 Qc8 32. Rge1 Qd8 33. c6 Qc7
34. cxb7 Nb5 35. Qa8 e4 36. Rc1 Nc3+ 37. Rxc3 Bxc3 38. Rc1 1-0

[Event "8. Open Bali sub-2300"]
[Site "Benidorm ESP"]
[Date "2009.12.03"]
[Round "6.9"]
[White "Poyato Sala, Josep Albert"]
[Black "Longa Yauca, Javier"]
[Result "0-1"]
[WhiteElo "2197"]
[BlackElo "2267"]
[PlyCount "52"]
[EventDate "2009.11.28"]
[EventType "swiss"]
[EventRounds "10"]
[EventCountry "ESP"]
[Source "lmi"]
[SourceDate "2009.11.28"]

1. d4 Nf6 2. c4 e6 3. Nf3 d5 4. Nc3 c6 5. Bg5 Nbd7 6. e3 Be7 7. Qc2 a6 8. Rd1
O-O 9. c5 b5 10. b4 a5 11. a3 Nh5 12. Bf4 Nxf4 13. exf4 Qc7 14. g3 Re8 15. Bd3
Nf8 16. O-O f6 17. Rfe1 Bd7 18. Nd2 Qc8 19. Ra1 Bd8 20. Nb3 Bc7 21. Qd2 a4 22.
Nc1 e5 23. fxe5 fxe5 24. dxe5 Bxe5 25. N1e2 Bg4 26. Nd4 Bxd4 0-1

[Event "8. Open Bali sub-2300"]
[Site "Benidorm ESP"]
[Date "2009.12.03"]
[Round "6.10"]
[White "Lapicki, Raul"]
[Black "Molvig, Henrik"]
[Result "1/2-1/2"]
[WhiteElo "2266"]
[BlackElo "2187"]
[PlyCount "24"]
[EventDate "2009.11.28"]
[EventType "swiss"]
[EventRounds "10"]
[EventCountry "ESP"]
[Source "lmi"]
[SourceDate "2009.11.28"]

1. e4 c5 2. Nf3 d6 3. d4 cxd4 4. Nxd4 Nf6 5. Nc3 a6 6. Be2 e5 7. Nb3 Be7 8. O-O
O-O 9. Kh1 Be6 10. f4 exf4 11. Bxf4 Nc6 12. Bd3 Ng4 1/2-1/2

[Event "8. Open Bali sub-2300"]
[Site "Benidorm ESP"]
[Date "2009.12.03"]
[Round "6.11"]
[White "Maisuradze, Nino"]
[Black "Turcu, Iulian"]
[Result "0-1"]
[WhiteElo "2242"]
[BlackElo "2197"]
[PlyCount "80"]
[EventDate "2009.11.28"]
[EventType "swiss"]
[EventRounds "10"]
[EventCountry "ESP"]
[Source "lmi"]
[SourceDate "2009.11.28"]

1. d4 Nf6 2. c4 g6 3. Nc3 d5 4. h4 h6 5. g3 c6 6. cxd5 cxd5 7. Bg2 Nc6 8. Nf3
Ne4 9. Qb3 Nxc3 10. bxc3 e6 11. Nd2 Na5 12. Qc2 Bd7 13. O-O f5 14. Re1 Rc8 15.
e4 dxe4 16. Nxe4 fxe4 17. Bxe4 Bd6 18. Bxg6+ Kf8 19. Re4 Nc4 20. h5 Qf6 21. Qe2
Ke7 22. d5 Ne5 23. Rf4 Qg7 24. dxe6 Bxe6 25. Rd4 Nxg6 26. hxg6 Bc5 27. Re4 Qxg6
28. Bf4 Rhf8 29. Re1 Rc6 30. Qb5 Bb6 31. Qd5 Rxf4 32. Rxe6+ Rxe6 33. Qxb7+ Kf8
34. Qc8+ Re8 35. Rxe8+ Qxe8 36. Qxe8+ Kxe8 37. gxf4 Kf7 38. Kg2 Kf6 39. a4 Kf5
40. Kf3 Bc7 0-1

[Event "8. Open Bali sub-2300"]
[Site "Benidorm ESP"]
[Date "2009.12.03"]
[Round "6.12"]
[White "Ballesteros Gonzalez, David"]
[Black "Lada, Ireneusz"]
[Result "1/2-1/2"]
[WhiteElo "2240"]
[BlackElo "2123"]
[PlyCount "92"]
[EventDate "2009.11.28"]
[EventType "swiss"]
[EventRounds "10"]
[EventCountry "ESP"]
[Source "lmi"]
[SourceDate "2009.11.28"]

1. d4 Nf6 2. Nf3 b6 3. c4 e6 4. a3 Bb7 5. Nc3 Be7 6. d5 O-O 7. e4 d6 8. Be2
exd5 9. exd5 c6 10. O-O cxd5 11. cxd5 Nbd7 12. Re1 Re8 13. h3 a6 14. a4 Rc8 15.
Be3 Bf8 16. Rc1 g6 17. Nh2 Bg7 18. g4 Ne4 19. Bd4 Bxd4 20. Qxd4 Nxc3 21. bxc3
Qg5 22. Bf3 Nc5 23. Rb1 Nd7 24. Bg2 Qf6 25. Rxe8+ Rxe8 26. Qxf6 Nxf6 27. Rxb6
Re1+ 28. Bf1 Bxd5 29. Rxd6 Be6 30. Rxa6 Nd5 31. Nf3 Rc1 32. Nd4 Nf4 33. Nxe6
fxe6 34. Rc6 Ra1 35. Rc4 g5 36. h4 h6 37. hxg5 hxg5 38. Rb4 Ne2+ 39. Kg2 Nf4+
40. Rxf4 gxf4 41. Bb5 Kf7 42. Kf3 e5 43. g5 Kg6 44. Ke4 Re1+ 45. Kd5 e4 46. a5
e3 1/2-1/2

[Event "8. Open Bali sub-2300"]
[Site "Benidorm ESP"]
[Date "2009.12.03"]
[Round "6.13"]
[White "Tallo Dominguez, Imar"]
[Black "Virgillito, Cristian"]
[Result "0-1"]
[WhiteElo "2192"]
[BlackElo "2223"]
[PlyCount "55"]
[EventDate "2009.11.28"]
[EventType "swiss"]
[EventRounds "10"]
[EventCountry "ESP"]
[Source "lmi"]
[SourceDate "2009.11.28"]

1. e4 c5 2. Nf3 d6 3. d4 cxd4 4. Nxd4 Nf6 5. Nc3 a6 6. h3 e6 7. g4 d5 8. exd5
Nxd5 9. Bd2 Bb4 10. Bg2 Bxc3 11. bxc3 Nb6 12. Qe2 Qe7 13. O-O Bd7 14. f4 O-O
15. Rab1 Nc6 16. Nf3 Na5 17. Ne5 Bb5 18. Nd3 Nbc4 19. Be1 Rad8 20. Be4 Nd6 21.
Bg2 Rfe8 22. Kh1 Ndc4 23. Qf2 e5 24. fxe5 Nxe5 25. Qg3 Nec4 26. a4 Bc6 27. Nb4
Bxg2+ 28. Qxg2 0-1

[Event "8. Open Bali sub-2300"]
[Site "Benidorm ESP"]
[Date "2009.12.03"]
[Round "6.14"]
[White "Sanchez Barbado, Carlos"]
[Black "Van Hoolandt, Patrick"]
[Result "1/2-1/2"]
[WhiteElo "2183"]
[BlackElo "2211"]
[PlyCount "86"]
[EventDate "2009.11.28"]
[EventType "swiss"]
[EventRounds "10"]
[EventCountry "ESP"]
[Source "lmi"]
[SourceDate "2009.11.28"]

1. e4 e5 2. Nf3 Nc6 3. Nc3 Nf6 4. d4 exd4 5. Nxd4 Bb4 6. Nxc6 bxc6 7. Bd3 O-O
8. O-O d5 9. exd5 cxd5 10. Bg5 c6 11. Qf3 Be7 12. Rae1 Re8 13. h3 h6 14. Bf4
Be6 15. Ne2 c5 16. c3 Bd6 17. Bc1 Ne4 18. Nf4 Ng5 19. Qh5 Bxf4 20. Bxf4 Qf6 21.
Be5 Bg4 22. Bxf6 Bxh5 23. Bxg5 hxg5 24. g4 Bg6 25. Bxg6 fxg6 26. Rxe8+ Rxe8 27.
Rd1 Rd8 28. Kf1 Kf7 29. b4 cxb4 30. cxb4 Ke6 31. Rc1 Rd7 32. Rc6+ Ke5 33. a4
Kf4 34. Ke2 Re7+ 35. Kd3 Re4 36. Kc3 a5 37. bxa5 Rxa4 38. a6 Kf3 39. Rxg6 Kxf2
40. Rxg7 Kg3 41. Rxg5 Rxa6 42. Rh5 Kf4 43. Rxd5 Ra3+ 1/2-1/2

[Event "8. Open Bali sub-2300"]
[Site "Benidorm ESP"]
[Date "2009.12.03"]
[Round "6.15"]
[White "Vlashki, Nino"]
[Black "Buscaglia, Claudio"]
[Result "1-0"]
[WhiteElo "2292"]
[BlackElo "2000"]
[PlyCount "105"]
[EventDate "2009.11.28"]
[EventType "swiss"]
[EventRounds "10"]
[EventCountry "ESP"]
[Source "lmi"]
[SourceDate "2009.11.28"]

1. e4 g6 2. Nc3 Bg7 3. g3 d6 4. Bg2 e5 5. Nge2 Nf6 6. d4 Nbd7 7. O-O O-O 8. Re1
Re8 9. a4 a5 10. b3 c6 11. Ba3 exd4 12. Nxd4 Qb6 13. Nde2 Nc5 14. Qxd6 Ne6 15.
Qd2 Ng4 16. Rf1 Rd8 17. Qe1 Nd4 18. Nxd4 Bxd4 19. h3 Bxf2+ 20. Rxf2 Nxf2 21.
Qxf2 Qxf2+ 22. Kxf2 Rd2+ 23. Ne2 Rxc2 24. Rb1 Be6 25. Ke3 Rd8 26. Bf1 Rd7 27.
Bb2 Bxb3 28. Nd4 Ba2 29. Nxc2 Bxb1 30. Na3 Ba2 31. Bc4 Bxc4 32. Nxc4 b5 33.
axb5 cxb5 34. Nxa5 Rd1 35. Nc6 f6 36. Bxf6 Rd6 37. Ne7+ Kf7 38. e5 Rd1 39. Nc6
h6 40. Ke4 Rd2 41. h4 h5 42. Bg5 Rd1 43. Be3 Re1 44. Kd4 Ke6 45. Bf4 b4 46.
Nxb4 Kf5 47. Nc6 Rd1+ 48. Kc5 Ke6 49. Nd4+ Ke7 50. Bg5+ Ke8 51. e6 Rd3 52. Nb5
Kf8 53. e7+ 1-0

[Event "8. Open Bali sub-2300"]
[Site "Benidorm ESP"]
[Date "2009.12.03"]
[Round "6.19"]
[White "Rocabert, Andreu Guillemo"]
[Black "Plaza Pardo, Daniel"]
[Result "1/2-1/2"]
[WhiteElo "2222"]
[BlackElo "2151"]
[PlyCount "32"]
[EventDate "2009.11.28"]
[EventType "swiss"]
[EventRounds "10"]
[EventCountry "ESP"]
[Source "lmi"]
[SourceDate "2009.11.28"]

1. Nf3 Nf6 2. c4 g6 3. Nc3 Bg7 4. g3 O-O 5. Bg2 d6 6. O-O Nc6 7. d3 e5 8. Rb1
a5 9. a3 h6 10. b4 axb4 11. axb4 Nd7 12. Nd5 f5 13. e3 Ne7 14. Ne1 c6 15. Nxe7+
Qxe7 16. Bb2 Nf6 1/2-1/2

[Event "8. Open Bali sub-2300"]
[Site "Benidorm ESP"]
[Date "2009.12.03"]
[Round "6.26"]
[White "Navarrete Espi, Samuel"]
[Black "Plass, Mariana-Camelia"]
[Result "0-1"]
[WhiteElo "1969"]
[BlackElo "2099"]
[PlyCount "44"]
[EventDate "2009.11.28"]
[EventType "swiss"]
[EventRounds "10"]
[EventCountry "ESP"]
[Source "lmi"]
[SourceDate "2009.11.28"]

1. e4 c5 2. Nf3 d6 3. d4 cxd4 4. Nxd4 Nf6 5. Nc3 a6 6. Be3 Ng4 7. Bc1 g6 8. f3
Ne5 9. Be3 Bg7 10. Qd2 h5 11. h4 Nbc6 12. O-O-O Bd7 13. Nd5 Rc8 14. Nb5 Qa5 15.
Nbc3 Nb4 16. Nxb4 Qxb4 17. Nd5 Nd3+ 18. Qxd3 Qxb2+ 19. Kd2 e6 20. Nf4 Rc3 21.
Qxd6 Be5 22. Qd3 Bb5 0-1

[Event "8. Open Bali sub-2300"]
[Site "Benidorm ESP"]
[Date "2009.12.03"]
[Round "6.31"]
[White "Gutierrez Mingueza, Ruben"]
[Black "Montero Fernandez, Oscar"]
[Result "0-1"]
[WhiteElo "2085"]
[BlackElo "2223"]
[PlyCount "46"]
[EventDate "2009.11.28"]
[EventType "swiss"]
[EventRounds "10"]
[EventCountry "ESP"]
[Source "lmi"]
[SourceDate "2009.11.28"]

1. d4 Nf6 2. c4 e6 3. Nc3 b6 4. g3 Bb7 5. Nf3 Bb4 6. Bd2 O-O 7. Bg2 Bxc3 8.
Bxc3 Ne4 9. Rc1 d6 10. O-O Nd7 11. d5 e5 12. b4 a5 13. a3 Nxc3 14. Rxc3 Qe7 15.
e4 axb4 16. axb4 Ra2 17. Ne1 Rfa8 18. Nd3 g6 19. f4 exf4 20. gxf4 Qh4 21. e5
dxe5 22. Nxe5 Nf6 23. Rh3 Rxg2+ 0-1

[Event "8. Open Bali sub-2300"]
[Site "Benidorm ESP"]
[Date "2009.12.03"]
[Round "6.34"]
[White "Ladron De Guevara Pinto, Paolo"]
[Black "Campayo Hernandez, Juan"]
[Result "1-0"]
[WhiteElo "2078"]
[BlackElo "2185"]
[PlyCount "49"]
[EventDate "2009.11.28"]
[EventType "swiss"]
[EventRounds "10"]
[EventCountry "ESP"]
[Source "lmi"]
[SourceDate "2009.11.28"]

1. e4 e6 2. Nf3 d5 3. Nc3 Nf6 4. e5 Nfd7 5. d4 c5 6. dxc5 Nc6 7. Bf4 Bxc5 8.
Bd3 f6 9. exf6 Nxf6 10. Qe2 O-O 11. O-O-O Bd7 12. Ne5 Nxe5 13. Bxe5 a6 14. g4
Be8 15. Bg3 b5 16. g5 b4 17. gxf6 bxc3 18. fxg7 Ba3 19. gxf8=Q+ Kxf8 20. Qxe6
Bxb2+ 21. Kb1 Ba3 22. Qh6+ Kf7 23. Qxh7+ Kf6 24. Qf5+ Kg7 25. Be5+ 1-0

[Event "8. Open Bali sub-2300"]
[Site "Benidorm ESP"]
[Date "2009.12.03"]
[Round "6.55"]
[White "Estevez Jacome, Jose Ramon"]
[Black "Glaria Tevar, Salvador"]
[Result "1-0"]
[WhiteElo "2051"]
[BlackElo "1944"]
[PlyCount "25"]
[EventDate "2009.11.28"]
[EventType "swiss"]
[EventRounds "10"]
[EventCountry "ESP"]
[Source "lmi"]
[SourceDate "2009.11.28"]

1. e4 d6 2. d4 Nf6 3. Nc3 g6 4. Nf3 c6 5. Bd3 Bg7 6. O-O Nbd7 7. Be3 Qc7 8. h3
e5 9. dxe5 dxe5 10. Qc1 O-O 11. Bh6 Nc5 12. Bxg7 Nxd3 13. Qh6 1-0

[Event "8. Open Bali sub-2300"]
[Site "Benidorm ESP"]
[Date "2009.12.03"]
[Round "6.59"]
[White "Ridameya Tatche, Jose Miguel"]
[Black "Salido Polo, Veronica"]
[Result "1/2-1/2"]
[WhiteElo "1998"]
[BlackElo "2009"]
[PlyCount "49"]
[EventDate "2009.11.28"]
[EventType "swiss"]
[EventRounds "10"]
[EventCountry "ESP"]
[Source "lmi"]
[SourceDate "2009.11.28"]

1. e4 c5 2. Nf3 d6 3. d4 cxd4 4. Nxd4 Nf6 5. f3 e6 6. c4 Be7 7. Nc3 O-O 8. Be3
Nc6 9. Nc2 b6 10. Qd2 Bb7 11. Be2 Rc8 12. O-O Ne5 13. b3 d5 14. exd5 exd5 15.
cxd5 Nxd5 16. Nxd5 Qxd5 17. Qxd5 Bxd5 18. Rac1 Be6 19. Ba6 Rcd8 20. Rfd1 Rxd1+
21. Rxd1 Bc8 22. Be2 Nc6 23. Bb5 Nb4 24. Nxb4 Bxb4 25. Bc4 1/2-1/2

[Event "8. Open Bali sub-2300"]
[Site "Benidorm ESP"]
[Date "2009.12.04"]
[Round "7.1"]
[White "Aranda Gonzalez, Jose"]
[Black "Ibarra Jerez, Juan Miguel"]
[Result "1/2-1/2"]
[WhiteElo "2276"]
[BlackElo "2244"]
[PlyCount "42"]
[EventDate "2009.11.28"]
[EventType "swiss"]
[EventRounds "10"]
[EventCountry "ESP"]
[Source "lmi"]
[SourceDate "2009.11.28"]

1. e4 c5 2. Nc3 a6 3. g3 b5 4. Bg2 Bb7 5. d3 e6 6. f4 d5 7. exd5 Nf6 8. Nf3
Nxd5 9. Ne4 Be7 10. O-O Nc6 11. a4 O-O 12. c3 Qc7 13. Qe2 Na5 14. axb5 axb5 15.
Be3 c4 16. Bf2 b4 17. dxc4 Qxc4 18. Nd4 Qxe2 19. Nxe2 Rfc8 20. Rfc1 Nb3 21.
Rxa8 Bxa8 1/2-1/2

[Event "8. Open Bali sub-2300"]
[Site "Benidorm ESP"]
[Date "2009.12.04"]
[Round "7.2"]
[White "Sabater Sanchez, Asensio"]
[Black "Dobre, Claudiu-Cristian"]
[Result "1/2-1/2"]
[WhiteElo "2230"]
[BlackElo "2286"]
[PlyCount "37"]
[EventDate "2009.11.28"]
[EventType "swiss"]
[EventRounds "10"]
[EventCountry "ESP"]
[Source "lmi"]
[SourceDate "2009.11.28"]

1. d4 d5 2. Nf3 Nf6 3. c4 e6 4. e3 c6 5. Bd3 Nbd7 6. O-O Bd6 7. Nc3 O-O 8. e4
dxc4 9. Bxc4 e5 10. Be3 Qe7 11. Re1 exd4 12. Nxd4 Ne5 13. Bb3 Neg4 14. Nf5 Bxf5
15. exf5 Bxh2+ 16. Kf1 Qc7 17. Ne4 Nxe3+ 18. Rxe3 Nxe4 19. Rxe4 1/2-1/2

[Event "8. Open Bali sub-2300"]
[Site "Benidorm ESP"]
[Date "2009.12.04"]
[Round "7.3"]
[White "Garbea, Bogdan"]
[Black "Nicolas Zapata, Irene"]
[Result "1/2-1/2"]
[WhiteElo "2254"]
[BlackElo "2241"]
[PlyCount "43"]
[EventDate "2009.11.28"]
[EventType "swiss"]
[EventRounds "10"]
[EventCountry "ESP"]
[Source "lmi"]
[SourceDate "2009.11.28"]

1. d4 Nf6 2. c4 e6 3. a3 d5 4. Nc3 c6 5. e3 Nbd7 6. Bd3 dxc4 7. Bxc4 b5 8. Bb3
Bb7 9. Nf3 b4 10. axb4 Bxb4 11. O-O O-O 12. Qe2 c5 13. Rd1 cxd4 14. exd4 Qb6
15. Bc2 Rfc8 16. Qd3 Bxc3 17. bxc3 Be4 18. Qe2 Bxc2 19. Qxc2 Qc7 20. Bd2 Nd5
21. Rdc1 N5b6 22. Qe4 1/2-1/2

[Event "8. Open Bali sub-2300"]
[Site "Benidorm ESP"]
[Date "2009.12.04"]
[Round "7.4"]
[White "Renteria, Jorge"]
[Black "Trepat Herranz, Joan"]
[Result "0-1"]
[WhiteElo "2248"]
[BlackElo "2284"]
[PlyCount "84"]
[EventDate "2009.11.28"]
[EventType "swiss"]
[EventRounds "10"]
[EventCountry "ESP"]
[Source "lmi"]
[SourceDate "2009.11.28"]

1. e4 c6 2. d4 d5 3. Nc3 dxe4 4. Nxe4 Nd7 5. Nf3 Ngf6 6. Nxf6+ Nxf6 7. Bc4 Bf5
8. O-O e6 9. c3 Be7 10. Ne5 O-O 11. h3 Nd7 12. Bf4 Nxe5 13. Bxe5 Bd6 14. Qe2
Bxe5 15. dxe5 Qe7 16. Rfd1 Rfd8 17. Qe3 c5 18. Be2 h6 19. Bf3 Rac8 20. Qf4 Bd3
21. Qe3 Bf5 22. Qe2 b6 23. Qa6 Qc7 24. Rd6 Rxd6 25. exd6 Qb8 26. g4 Bg6 27. d7
Rd8 28. Bc6 Qc7 29. Bb5 Be4 30. Qa4 Ba8 31. Qa6 h5 32. gxh5 Qf4 33. Qc8 Qg5+
34. Kf1 Bf3 35. Ke1 Kh7 36. a4 e5 37. a5 e4 38. Be2 Qg1+ 39. Kd2 Qxf2 40. Re1
e3+ 41. Kc2 Bxe2 42. Qxd8 Bc4+ 0-1

[Event "8. Open Bali sub-2300"]
[Site "Benidorm ESP"]
[Date "2009.12.04"]
[Round "7.5"]
[White "Virgillito, Cristian"]
[Black "Chueca Forcen, Alberto"]
[Result "1-0"]
[WhiteElo "2223"]
[BlackElo "2280"]
[PlyCount "79"]
[EventDate "2009.11.28"]
[EventType "swiss"]
[EventRounds "10"]
[EventCountry "ESP"]
[Source "lmi"]
[SourceDate "2009.11.28"]

1. e4 e6 2. d4 d5 3. Nd2 Nf6 4. e5 Nfd7 5. Bd3 c5 6. c3 b6 7. Ne2 Ba6 8. Bxa6
Nxa6 9. O-O Be7 10. c4 Nc7 11. Nf4 Bg5 12. Nf3 Bxf4 13. Bxf4 dxc4 14. Bg5 Qc8
15. dxc5 Nxc5 16. Rc1 h6 17. Be3 Nd3 18. Rxc4 Nxb2 19. Rxc7 Nxd1 20. Rxc8+ Rxc8
21. Rxd1 Rc2 22. Ra1 Ke7 23. Nd4 Rc4 24. g3 Rhc8 25. h4 R8c5 26. Nb3 Rb5 27.
Kg2 a5 28. Nd2 Rc8 29. Nf3 a4 30. a3 Rb2 31. Nd4 b5 32. Bc1 Rb3 33. Nxb3 axb3
34. Rb1 Rc3 35. Kf1 Kd7 36. Bd2 Rc2 37. Ke2 b2 38. Kd3 Rc5 39. Bc3 Rd5+ 40. Kc2
1-0

[Event "8. Open Bali sub-2300"]
[Site "Benidorm ESP"]
[Date "2009.12.04"]
[Round "7.6"]
[White "Longa Yauca, Javier"]
[Black "Del Valle Cirera, Adria"]
[Result "1-0"]
[WhiteElo "2267"]
[BlackElo "2236"]
[PlyCount "90"]
[EventDate "2009.11.28"]
[EventType "swiss"]
[EventRounds "10"]
[EventCountry "ESP"]
[Source "lmi"]
[SourceDate "2009.11.28"]

1. d4 d5 2. c4 e6 3. Nf3 Nf6 4. Bg5 Nbd7 5. e3 c6 6. Nc3 Bb4 7. Bd3 Qa5 8. O-O
Bxc3 9. bxc3 Qxc3 10. Qe2 O-O 11. Rab1 Qa5 12. Rfc1 b6 13. cxd5 Nxd5 14. Rb3 h6
15. Bh4 c5 16. Qb2 Bb7 17. Bb5 N7f6 18. Ne5 Nb4 19. Bf1 cxd4 20. Nc4 Qxa2 21.
Bxf6 Qxb2 22. Rxb2 gxf6 23. Rxb4 dxe3 24. fxe3 Rfc8 25. Ra1 Bd5 26. Nd6 Rd8 27.
Nb5 a5 28. Rb2 Rdc8 29. Nd4 a4 30. Ra3 Rc1 31. Kf2 Bc4 32. Bxc4 Rxc4 33. Rxb6
f5 34. Ne2 Rd8 35. Rb2 Kg7 36. Rba2 Ra8 37. Kf3 Kg6 38. Nc3 e5 39. Rxa4 Raxa4
40. Nxa4 f6 41. Nb6 Rc6 42. Nd5 Rc5 43. Ne7+ Kg5 44. Ra8 e4+ 45. Kg3 Rc3 1-0

[Event "8. Open Bali sub-2300"]
[Site "Benidorm ESP"]
[Date "2009.12.04"]
[Round "7.7"]
[White "Voiteanu, Gabriel"]
[Black "Turcu, Iulian"]
[Result "1/2-1/2"]
[WhiteElo "2257"]
[BlackElo "2197"]
[PlyCount "22"]
[EventDate "2009.11.28"]
[EventType "swiss"]
[EventRounds "10"]
[EventCountry "ESP"]
[Source "lmi"]
[SourceDate "2009.11.28"]

1. d4 Nf6 2. c4 e6 3. Nf3 d5 4. g3 dxc4 5. Qa4+ Nbd7 6. Bg2 a6 7. Qxc4 c5 8.
O-O b5 9. Qc2 Bb7 10. a4 Be7 11. dxc5 Bxc5 1/2-1/2

[Event "8. Open Bali sub-2300"]
[Site "Benidorm ESP"]
[Date "2009.12.04"]
[Round "7.8"]
[White "Tate, Alan"]
[Black "Sanchez Jerez, Emilio Miguel"]
[Result "0-1"]
[WhiteElo "2195"]
[BlackElo "2298"]
[PlyCount "74"]
[EventDate "2009.11.28"]
[EventType "swiss"]
[EventRounds "10"]
[EventCountry "ESP"]
[Source "lmi"]
[SourceDate "2009.11.28"]

1. e4 Nc6 2. Nf3 e5 3. Bc4 Nf6 4. d3 Bc5 5. c3 O-O 6. Bg5 h6 7. Bh4 Be7 8. Nbd2
d6 9. a4 Nh5 10. Bg3 Bg4 11. a5 a6 12. Nf1 Nf4 13. Ne3 Be6 14. Bxf4 exf4 15.
Nd5 Ne5 16. Ba2 Ng6 17. O-O Bg4 18. d4 c6 19. Nb6 Rb8 20. Qd3 Kh8 21. h3 Bh5
22. b4 Nh4 23. Nxh4 Bxh4 24. Bb3 Qg5 25. Bd1 Bg6 26. Bf3 Rfe8 27. Rfe1 d5 28.
Nd7 Rbd8 29. Nc5 Re7 30. Re2 Rde8 31. Rae1 dxe4 32. Bxe4 f3 33. Qxf3 f5 34. Bd3
Bh5 35. Rxe7 Rxe7 36. Rxe7 Bxf3 37. Re8+ Kh7 0-1

[Event "8. Open Bali sub-2300"]
[Site "Benidorm ESP"]
[Date "2009.12.04"]
[Round "7.9"]
[White "Molvig, Henrik"]
[Black "Taras, Dan-Gheorghe"]
[Result "0-1"]
[WhiteElo "2187"]
[BlackElo "2293"]
[PlyCount "64"]
[EventDate "2009.11.28"]
[EventType "swiss"]
[EventRounds "10"]
[EventCountry "ESP"]
[Source "lmi"]
[SourceDate "2009.11.28"]

1. d4 Nf6 2. c4 c5 3. d5 e5 4. Nc3 d6 5. e4 Nbd7 6. g3 Be7 7. Bg2 O-O 8. Nge2
Ne8 9. O-O g6 10. Kh1 Ng7 11. f4 f5 12. Be3 a6 13. Rb1 exf4 14. Nxf4 Ne5 15. b3
Bf6 16. Qd2 Ng4 17. Bg1 Be5 18. b4 b6 19. bxc5 bxc5 20. Na4 Qg5 21. Qc1 fxe4
22. Nb6 Rb8 23. Nxc8 Rfxc8 24. Bxe4 Qh6 25. Qd1 Nf6 26. Bg2 Nf5 27. Ne2 Nh5 28.
Bf2 Nhxg3+ 29. Bxg3 Bxg3 30. h3 Be5 31. Qd3 Qe3 32. Be4 Qxe2 0-1